000 00301 a2200133 4500
001 48059
040 _cAnchieta - Aquarius
100 _aAlencar, José de
240 1 0 _aO que é o casamento?
_lpor
245 1 0 _aO que é o casamento?
300 _a108
650 4 _aLiteratura brasileira
942 _cBK
999 _c48059
_d48059